000 07516namaa22004211i 4500
003 OSt
005 20260421140238.0
008 250827s2025 ua a|||frm||| 000 0 eng d
040 _aEG-GICUC
_bara
_cEG-GICUC
_dEG-GICUC
_erda
041 0 _aara
_bara
_beng
049 _aإيداع
082 0 4 _a364.133
092 _a364.133
_221
097 _aدكتوراه‎
099 _aCai01.18.06.Ph.D.2025.عم.د
100 0 _a،عماد الدين عبد الرؤوف رجب
_eإعداد.
245 1 0 _aدور إدارة المخاطر في مكافحة التهرب الضريبي
_bبالتطبيق على ضرائب الدخل بمحافظة القاهرة /
_cإعداد عماد الدين عبد الرؤوف رجب؛ إشراف أ.د/ صـلاح مهـدى محمـد رمضـان، د.عبد العزيز الشحات عبد العزيز.
246 1 5 _aThe role of risk management in combating tax evasion :
_bApplying income taxes in cairo governorate /
264 0 _c2025.
300 _a171 ورقة :
_b إيضاحيات ؛
_c30 سم. +
_eCD.
336 _atext
_2rda content
337 _aUnmediated
_2rdamedia
338 _avolume
_2rdacarrier
502 _aأطروحة (دكتوراه)-جامعة القاهرة، 2025.
504 _aببليوجرافيا: صفحات 160-163.
520 _aهدفت الدراسة إلي التعرف علي الأساليب الحديثة في إدارة المخاطر ومدى التزام الإدارة الضريبية باستخدامها ودورها في مكافحة التهرب الضريبي بالتطبيق علي ضرائب الدخل بمحافظة القاهرة وذلك طبقا لمتغيرات الدراسة وهي المتغير المستقل إدارة المخاطر (مرحلة تحديد وتشخيص المخاطر باستخدام المنظومة الإلكترونية للضرائب، مرحلة توصيف ومواجهة المخاطر التشريعية والثغرات التشريعية، مرحلة اكتشاف ومواجهة المخاطر بالتعاون مع رأس المال البشري لمصلحة الضرائب علي الدخل، مرحلة تقيم ومراجعة المخاطر ووضع استراتيجيات طويله الأجل) ومدى تأثير هذه الأبعاد علي المتغير التابع مكافحه التهرب الضريبي.يتكون مجتمع الدراسة من 43 مأمورية ضرائب على الدخل عباره عن 800 مفرده وتتمثل عينة الدراسة في 265 مفردة تم توزيع استمارة الاستبيان عليهم وتم استخدام المنهج الوصفي التحليلي لجمع البيانات ومعالجتها للوصول إلي نتائج تخدم الدراسة ومن أهم نتائج الدراسة: ــ تعتبر إدارة المخاطر مساهم أساسي في حمايه الحصيلة الضريبية.ـ اهتمام إدارة المخاطر بتطوير الإدارة الضريبية والحد من المخاطر الضريبية الناتجة عن الأنشطة المالية كعدم سداد الضريبة المستحقة أو المخاطر التشغيلية التي تنشأ من قرارات خاطئة أو مخاطر معنويه ناجمة عن عدم تبادل المعلومات لكافه الأطراف ذات العلاقة.ـ تحويل التشريع الضريبي من نصوص عامة مجردة إلي قواعد تطبيقيه ملائمة لكل نشاط ـ تعتبر إدارة المخاطر الضريبية من اليات مكافحة التهرب الضريبي. وبناء على تلك النتائج تم التوصل إلى اهم التوصيات التالية: - تعزيز أهمية تطبيق إدارة المخاطر ودورها في مكافحة التهرب الضريبي. - تحقيق العدالة الضريبية بين دافعي الضرائب ومصلحة الضرائب على الدخل من خلال تحديث أو إصدار قوانين ضريبية تتلاءم مع الوضع الاقتصادي المصري والتطورات التكنولوجية.- استخدام الأنظمة الإلكترونية والرقمية والعمل والتشارك مع المجتمع الضريبي للتطوير وتخطيط السياسات المستقبلية لقطاع ضريبة الدخل.
520 _aThe study aimed to identify modern methods of risk management and the extent of the tax administration's commitment to using them and their role in combating tax evasion in application to income taxes in Cairo Governorate according to the study variables, which are the independent variable risk management (the stage of identifying and diagnosing risks using the electronic tax system, the stage of describing and confronting legislative risks and legislative loopholes, the stage of discovering and confronting risks in cooperation with the human capital of the Income Tax Authority, the stage of evaluating and reviewing risks and developing long-term strategies) and the extent of the impact of these dimensions on the dependent variable combating tax evasion.study community consists of 43 income tax offices , consisting of 800 individuals. The study sample consists of 265 individuals. The questionnaire was distributed to them. The descriptive analytical approach was used to collect and process data to reach results that serve the study. The most important results of the study are:-Risk management is a key contributor to protecting tax revenues.-Risk management is concerned with developing tax administration and reducing tax risks resulting from financial activities, such as non-payment of due tax or operational risks arising from wrong decisions or moral risks resulting from failure to exchange information with all relevant parties.- Transforming tax legislation from abstract general texts into applicable rules appropriate for each activity.-Tax risk management is one of the mechanisms to combat tax evasion.Based on these results, the following important recommendations were reached:- Enhancing the importance of applying risk management and its role in combating tax evasion. - Achieving tax justice between taxpayers and the Income Tax Authority by updating or issuing tax laws that are compatible with the Egyptian economic situation and technological developments. - Using electronic and digital systems and working and partnering with the tax community to develop and plan future policies for the income tax sector.
530 _aصدر أيضًا كقرص مدمج.
546 _aالنص بالعربية والملخص باللغة الإنجليزية والعربية.
650 7 _aالتهرب الضريبي
_2qrmak
653 0 _aإدارة المخاطر
_aالتهرب الضريبي
_aضرائب الدخل
700 0 _aصـلاح مهـدى محمـد رمضـان
_eمشرف أطروحة.
700 0 _aعبد العزيز الشحات عبد العزيز
_eمشرف أطروحة.
900 _b12-02-2025
_cصـلاح مهـدى محمـد رمضـان
_cعبد العزيز الشحات عبد العزيز
_dعبد الله محمد عبد الفتاح
_dعبد الله احمد الطبال
_Uجامعة القاهرة
_Fكلية الدراسات العليا للبحوث الاحصائية
_Dقسم إدارة المخاطر والأزمات
905 _aSara
_eAfaf
942 _2ddc
_cTH
_e21
_n0
999 _c179227